000 00428nam a2200145 i 4500
001 107370
003 ES-MaACL
007 t|
008 070110s1958 cu ||||1| spa d
100 1 _aMoral, Luis Felipe del.
_982940
245 1 0 _aHistoria del Sancti-Spiritus /
_cLuis F. del Moral.
260 _aZaza del Medio (Cuba) :
_b[s.n.],
_c1958 (
_fImp. Iris)
300 _a228 p. ;
_c21 cm.
852 _aES-MaACL
_jE-4297
_bR.43772
999 _c107370
_d107370